Vzťah rozvoja podnikateľského nápadu a investičného cyklu v podmienkach startupu

Životný cyklus startupu sa zakladá na dvoch trajektóriach, ktoré odlišujú startup od tradičného podniku - cyklusu rozvoja podnikateľského nápadu a cyklusu investovania. Cyklus investovania vychádza z praxe investorov, ktorí na základe rozvoja startupu a jeho výsledkov stanovujú postupnosť investovan...

Full description

Saved in:
Bibliographic Details
Main Author: Slávik, Štefan, 1955-
Other Authors: Hagarová, Ráchel, 1990-
Format: Book Chapter
Language:Slovak
Subjects:
Tags: Add Tag
No Tags, Be the first to tag this record!

MARC

LEADER 00000nla a2200000 4500
001 0240250
005 20240502073912.1
041 0 |a slo 
044 |a SK 
245 1 0 |a Vzťah rozvoja podnikateľského nápadu a investičného cyklu v podmienkach startupu  |c Štefan Slávik, Ráchel Hagarová 
520 |a Životný cyklus startupu sa zakladá na dvoch trajektóriach, ktoré odlišujú startup od tradičného podniku - cyklusu rozvoja podnikateľského nápadu a cyklusu investovania. Cyklus investovania vychádza z praxe investorov, ktorí na základe rozvoja startupu a jeho výsledkov stanovujú postupnosť investovania. 
610 2 0 |a start-up 
610 2 0 |a zámery podnikateľské 
610 2 0 |a zámery investičné 
610 2 0 |a cykly podnikateľské 
610 2 0 |a investície 
610 2 0 |a investovanie 
100 1 |a Slávik, Štefan, 1955- 
700 1 |a Hagarová, Ráchel, 1990-